[Event "Bad Zwesten op 9th"]
[Site "Bad Zwesten"]
[Date "2005.01.06"]
[Round "7"]
[White "Mayer, Frank"]
[Black "Horst, Michael"]
[Result "1-0"]
[WhiteElo "2118"]
[BlackElo "1775"]
[PlyCount "49"]
[EventDate "2005.01.02"]
[EventType "swiss"]
[EventRounds "9"]
[EventCountry "GER"]
[SourceTitle "CBM 104 Extra"]
[Source "ChessBase"]
[SourceDate "2005.03.01"]
[SourceVersion "1"]
[SourceVersionDate "2005.03.01"]
[SourceQuality "1"]

1. e4 e6 2. f4 d5 3. e5 c5 4. Nf3 Nc6 5. c3 Bd7 6. Na3 a6 7. Nc2 Rc8 8. Be2 Qb6 9. 0-0 Nge7 10. Kh1 Ng6 11. d4 cxd4 12. Ncxd4 Bc5 13. Nb3 Be7 14. Bd3 0-0 15. Qe2 f6 16. exf6 Rxf6 17. g3 Rcf8 18. Be3 Qc7 19. Bd4 Nxd4 20. cxd4 Nxf4 21. gxf4 Rxf4 22. Ne5 Rh4 23. Rxf8+ Bxf8 24. Qf2 Rh6 25. Qf7+ 1-0